| 000 | 01227nam a2200457 a 4500 | ||
|---|---|---|---|
| 001 | 36241 | ||
| 003 | AR-BaAGN | ||
| 005 | 20240713062541.0 | ||
| 007 | ta | ||
| 008 | 220625s1993 ag |||||r|||| ||||||spa d | ||
| 020 | _a950-853-009-X | ||
| 040 |
_dAR-BaAGN _bspa _aAR-BaAGN _eaacr |
||
| 100 | 1 | _aPino, Enrique Bernabé | |
| 245 | 1 | 0 | _aDelito y pena en nuestros aborígenes |
| 250 | _a1ª ed. | ||
| 260 |
_aBuenos Aires : _bCangrejal, _c1993. |
||
| 300 |
_a125 páginas : _bil., fot. todas byn |
||
| 336 |
_2rdacontent _btxt |
||
| 337 |
_2rdamedia _bn |
||
| 338 |
_2rdacarrier _bnc |
||
| 490 | 0 |
_aColección ArgentinaApuntes Argentinos ; _v1 |
|
| 650 | 4 |
_aARAUCANOS _9794 |
|
| 650 | 4 |
_aCHARRÚAS _9884 |
|
| 650 | 4 |
_aGUARANÍES _9887 |
|
| 650 | 4 |
_aPUEBLOS ORIGINARIOS _92209 |
|
| 650 | 4 |
_aLEGISLACIÓN _91533 |
|
| 650 | 4 |
_aCRIMINOLOGÍA _92074 |
|
| 650 | 4 |
_aONAS _9894 |
|
| 650 | 4 |
_aYÁMANAS _9795 |
|
| 650 | 4 |
_aPUELCHES _9897 |
|
| 650 | 4 |
_aPAMPAS _91275 |
|
| 650 | 4 |
_aPATAGONES _9895 |
|
| 650 | 4 |
_aQUERANDÍES _9898 |
|
| 650 | 4 |
_aATACAMAS _9798 |
|
| 650 | 4 |
_aCALCHAQUÍES _9963 |
|
| 650 | 4 |
_aDIAGUITAS _9886 |
|
| 651 | 4 |
_aArgentina _93645 |
|
| 942 |
_cLIBRO _n0 |
||
| 999 |
_c36241 _d36241 |
||